UM Logo

The nurse practitioner : (Record no. 7405)

MARC details
000 -LEADER
fixed length control field 00528nam a22001337a 4500
008 - FIXED-LENGTH DATA ELEMENTS--GENERAL INFORMATION
fixed length control field 170908b xxu||||| |||| 00| 0 eng d
022 ## - INTERNATIONAL STANDARD SERIAL NUMBER
International Standard Serial Number 0361-1817
082 ## - DEWEY DECIMAL CLASSIFICATION NUMBER
Edition number Feb 2009-Jan 2010
Classification number DPer 610.7305
Item number N93
245 ## - TITLE STATEMENT
Title The nurse practitioner :
Remainder of title the American journal of primary healthcare.
260 ## - PUBLICATION, DISTRIBUTION, ETC. (IMPRINT)
Place of publication, distribution, etc. Danvers, Mass. :
Name of publisher, distributor, etc. Lippincott Williams & wilkins,
Date of publication, distribution, etc. Feb 2009-Jan 2010.
300 ## - PHYSICAL DESCRIPTION
Extent volume 34, number 2,3,4, 7, 11, 12 & volume 35, number 1.
Dimensions 27 cm.
650 #0 - SUBJECT ADDED ENTRY--TOPICAL TERM
9 (RLIN) 22470
Topical term or geographic name as entry element Nurse practitioners --
General subdivision Periodicals.
942 ## - ADDED ENTRY ELEMENTS (KOHA)
Source of classification or shelving scheme Dewey Decimal Classification
Koha item type Periodicals
Holdings
Withdrawn status Lost status Source of classification or shelving scheme Damaged status Not for loan Collection code Home library Current library Date acquired Total Checkouts Full call number Barcode Date last seen Price effective from Koha item type
    Dewey Decimal Classification     Periodicals UM Digos College - LIC UM Digos College - LIC 09/08/2017   DPer 610.7305 N93 Feb 2009-Jan 2010. 24746 09/08/2017 09/08/2017 Periodicals